00226nam a22000857a 4500008004100000082001500041245004300056260003300099300000800132230629b xxu||||| |||| 00| 0 eng d a338.9bEVA aApproaches to Rural- Urban Development aKenyabUniversity of Nairobi a40p